Statistiken für Länder mit dem höchsten Alkoholkonsum

Klicken Sie hier um das Quiz zu spielen!

Allgemein

  • Dieses Quiz wurde 422 mal gespielt
  • Das Durchschnittsergebnis liegt bei 11 aus 20

Antwortstatistiken

Antwort% Korrekt
5.Deutschland
99%
16.Russland
98%
19.Polen
91%
3.Tschechien
83%
11.Frankreich
82%
17.Österreich
79%
7.Irland
68%
15.Belgien
66%
14.Portugal
61%
12.Rumänien
58%
13.Slowenien
58%
10.Bulgarien
56%
9.Lettland
55%
18.Estland
53%
2.Litauen
52%
8.Luxemburg
43%
1.Moldawien
34%
6.Nigeria
8%
4.Seychellen
5%
20.Gabun
2%

Verteilung der Resultate

Perzentil nach korrekt beantworteten Fragen

Anzahl Personen mit jedem Resultat

Ihre Resultats-Entwicklung

Sie haben dieses Quiz noch nicht gespielt